Most Common County Names - Statistics

General Stats
  • This quiz has been taken 918 times
  • The average score is 10 of 24
Answer Stats
Rank No. Counties First Letter Answer % Correct
1 31 W Washington
98%
2 26 J Jefferson
93%
4 24 L Lincoln
82%
4 24 J Jackson
81%
3 25 F Franklin
75%
6 20 M Madison
73%
18 12 J Johnson
69%
18 12 A Adams
67%
10 17 M Monroe
67%
15 15 G Grant
49%
18 12 P Polk
37%
7 18 U Union
32%
18 12 L Lee
29%
10 17 C Clark
28%
18 12 L Lake
24%
7 18 M Montgomery
21%
13 16 W Wayne
18%
7 18 C Clay
17%
13 16 G Greene
17%
16 14 W Warren
16%
18 12 D Douglas
12%
10 17 M Marion
12%
18 12 M Marshall
12%
17 13 C Carroll
7%
No matching quizzes found
Score Distribution
Percent of People with Each Score
Percentile by Number Answered
Your Score History
You have not taken this quiz